IIS - Instituto de Investigaciones Sociales

Uloženo v:
Podrobná bibliografie
Korporativní autor: Universidad de Costa Rica. Facultad de Ciencias Sociales. Instituto de Investigaciones Sociales
Médium: Text
Vydáno: San José: IIS
Tagy: Přidat tag
Žádné tagy, Buďte první, kdo vytvoří štítek k tomuto záznamu!

MARC

LEADER 00000 a a2200000 04500
001 21791
003
040
090 |a 097700  
110 |a Universidad de Costa Rica. Facultad de Ciencias Sociales. Instituto de Investigaciones Sociales  
245 |a IIS - Instituto de Investigaciones Sociales  
260 |a San José:   |b IIS  
300 |a 8 p.  
999 |c 11622  |d 11622